00191nam a2200085Ia 4500008004100000100001600041245003100057260000800088260000900096170617s9999 xx 000 0 und d aMohamad Ali 0aText Book of Pharmacognosy bCBS c2008